Bilecik Bilecik Bilecik Bilecik Bilecik

Benim küçük dostlarım/ (Record no. 16931)

MARC details
000 -BAŞLIK
Sabit Uzunluktaki Kontrol Alanı 02986nam a22003737a 4500
001 - KONTROL NUMARASI
Control Dosyası 0016973
003 - KONTROL NUMARASI KİMLİĞİ
Kontrol Alanı KOHA_MİRAKIL
005 - EN SON İŞLEM TARİHİ ve ZAMANI
Kontrol Alanı 20260207002123.0
007 - FİZİKSEL TANIM SABİT ALAN - GENEL BİLGİ
Sabit uzunluklu kontrol alanı ta
008 - SABİT UZUNLUKTAKİ VERİ ÖGELERİ - GENEL BİLGİ
Sabit Alan 100505b2010 tu |||gr||||#0|||1|tur |
020 ## - ISBN - ULUSLARARASI STANDART KİTAP NUMARASI
Isbn 9789752638259
Kullanılabilirlik koşulları 12
040 ## - KATALOGLAMA KAYNAĞI
Özgün Kataloglama Kurumu TR-BiSEU
Kataloglama Dili tur
Çeviri Kurumu TR-BiSEU
Açıklama Kuralları rda
041 0# - DİL KODU
Metin ya da ses kaydının dil kodu tur
044 ## - YAYINLAYAN/ÜRETEN KURULUŞUN ÜLKE KODU
ISO country code tu
050 ## - SINIFLAMA ve YER NUMARASI
Sınıflama Numarası PL239.Z46
Yer Numarası B46 2010
100 1# - KİŞİ ADI
Yazar Adı (Kişi adı) Zorlutuna, Halide Nusret.
245 1# - ESER ADI BİLDİRİMİ
Başlık Benim küçük dostlarım/
Sorumluluk Bildirimi Halide Nusret Zorlutuna ; Halide Nusret Zorlutuna.
264 #1 - ÜRERİM, YAYIN, DAĞITIM ve TELİF BİLDİRİMİ
Yayın yeri İstanbul :
Yayınlayan Timaş Yayınları
Yayın tarihi 2010
300 ## - FİZİKSEL TANIMLAMA
Sayfa, Cilt vb. 128 sayfa: resimli
336 ## - İÇERİK TÜRÜ
Content type term metin
Content type code txt
Source rdacontent
337 ## - MEDYA TÜRÜ
Media type term aracısız
Media type code n
Source rdamedia
338 ## - TAŞIYICI TÜRÜ
Carrier type term cilt
Carrier type code nc
Source rdacarrier
490 1# - DİZİ BİLDİRİMİ
Dizi Bildirimi Bütün eserleri ;
Cilt Numarası 4.
490 1# - DİZİ BİLDİRİMİ
Dizi Bildirimi Timaş yayınları ;
Cilt Numarası 1901.
490 1# - DİZİ BİLDİRİMİ
Dizi Bildirimi Anı-biyografi dizisi ;
Cilt Numarası 18.
505 ## - İÇİNDEKİLER NOTU
İçindekiler Notu İdealist bir öğretmenin kitap gibi okuduğu öğrencilerini ve anılarını edebi bir dille anlattığı doyumsuz bir eser olan BENİM KÜÇÜK DOSTLARIM aynı zamanda MEB'in tavsiye ettiği 100 Temel Eser'de yer almaktadır.
650 #0 - KONU BAŞLIĞI EK GİRİŞ - KONU TERİMİ
Konusal terim veya coğrafi ad Türk edebiyatı--Anı.
9 (RLIN) 27181
650 #0 - KONU BAŞLIĞI EK GİRİŞ - KONU TERİMİ
Konusal terim veya coğrafi ad Turkish literature--Memoir.
9 (RLIN) 27182
830 1# - SERİ EK GİRİŞİ - TEKBİÇİM ESER ADI
Tekbiçim Başlık Bütün eserleri ;
Volume number/sequential designation 4.
9 (RLIN) 6304
830 1# - SERİ EK GİRİŞİ - TEKBİÇİM ESER ADI
Tekbiçim Başlık Timaş yayınları ;
Volume number/sequential designation 1901.
9 (RLIN) 8079
830 1# - SERİ EK GİRİŞİ - TEKBİÇİM ESER ADI
Tekbiçim Başlık Anı-biyografi dizisi ;
Volume number/sequential designation 18.
9 (RLIN) 39341
907 ## - LOCAL DATA ELEMENT G, LDG (RLIN)
a Anı/Günlük
942 ## - EK GİRİŞ ÖGELERİ (KOHA)
Source of classification or shelving scheme Library of Congress Classification
Koha item type Book
505 ## - İÇİNDEKİLER NOTU
-- Her çocuk, bence zevkle okumaya değer meraklı bir kitap; karşısında uzun uzun, hayran hayran düşünülecek bir bilinmeyenler âlemidir.
-- Yirmi bir yıldan beri bu kitapları yaprak yaprak,satır satır okumaya ve anlamaya çalışıyorum.
-- Fakat hâlâ "Çocuk" adlı kitapla anlayamadığım, sökemediğim cümlelere rastladığım olur.
-- Bu itirafımdan sonra, okuyucularım bu eserde, tecrübelerin belki haklı; fakat herhâlde soğuk ve tatsız gururunu elbette aramayacaklardır.
-- Hayır, sevgili okurlarım elinizdeki kitap, ağırbaşlı, psikolojik bir eser olmak iddiasında değildir.
-- Buna bir "hikâye kitabı" da denilemez. Çünkü içinde bir damlacık hayal bulamayacaksınız.
-- Ben bu kitapta sadece, gördüklerini ve duyduklarımı değil, hissettiklerimi sunuyorum. O kadar çok sevdiğim "Küçük Dostlarım"ı, daha doğrusu binlerce küçük dostumdan, rast gele birkaçını okurlarıma da tanıtmak istedim.
-- Bir kırık dökük çizgi, bir avuç gölge.. Boyaların parıltılı dilinden yoksun, kara kalem bir çocuk portresi, bir küçük insan kişiliği! Ve çok defa bu kişiyi benim hafızamın köklerine altın çivilerle perçinlemiş olan bir küçük olay. İşte kitabımda bunları bulacaksınız... Basit şeyler ama, içlerinde hoşunuza gidenler, gözlerinize bir damla yaş, dudaklarınıza bir küçük gülümseme getirenler, hatta başınızın karanlık bir köşeciğine titrek bir mum alevi uzatanlar olacak sanıyorum. Şüphesiz bir meşale, kuvvetli bir elektrik lâmbası değil, ancak bir mum alevi...
-- Fakat ne de olsa bir ışık...
Holdings
Materyal Türü Kalıcı Konum Mevcut Konum Raf Yeri Sınıflandırma Kaynağı Edinim Bilgisi Ana Konular Alt Konular Yer Numarası Demirbaş Numarası Fatura Tarihi Maliyet, Alış Fiyatı Maliyet, Yenileme Fiyatı Geri Çekilme Durumu Kayıp Durumu Hasarlı Durumu Kredi için değil Kayıt Tarih Toplam Ödünçverme Son Görülme Tarihi Son Kontrol Tarihi Genel / Bağış Notu
Book Prof. Dr. Azmi Özcan Kütüphanesi Prof. Dr. Azmi Özcan Kütüphanesi Birûni Salonu Library of Congress Classification Bağış DİL VE EDEBİYAT Doğu Asya, Afrika, Okyanusya Dilleri ve Edebiyatları PL239.Z46 B46 2010 0016973 13/08/2010 14.00 14.00         05/05/2010 3 15/01/2026 15/01/2026 Genel Bağış